| 000 | 00773nam a2200229 a 4500 | ||
|---|---|---|---|
| 001 | 000039196 | ||
| 003 | 000039196 | ||
| 005 | 20160920115720.0 | ||
| 008 | 110331s2001 dr ac 000 0bspa d | ||
| 040 |
_aBPMET _bspa _cBPMET |
||
| 092 |
_a923.57293 _bD985B, |
||
| 100 | 1 |
_aBalaguer, Joaquín, _d1906-2002 |
|
| 245 | 1 | 3 |
_aEl centinela de la frontera : _bvida y hazañas de Antonio Duvergé / _cJoaquín Balaguer. |
| 250 | _a6a. ed. | ||
| 260 |
_aSanto Domingo : _bCorripio _c2001 |
||
| 300 |
_a190 p. : _bil., retrs. _c22 cm. |
||
| 500 | _aIncluye notas al pie de las páginas. | ||
| 500 | _aIncluye datos biográficos del autor en la solapa de la portada | ||
| 600 | 1 | 4 |
_aDUVERGÉ, ANTONIO, _d1807-1855 |
| 942 |
_2ddc _cBK |
||
| 956 |
_aVMATEO _b10 _c20130612 _lBPMSU _h0069 |
||
| 999 |
_c7142 _d7142 |
||